000 00968nam a2200313 i 4500
001 bg
100 1 _aLUCAS, Michael
_d(1967- )
245 1 0 _aOpenBSD :
_bpodstawy administracji systemem /
_cMichael Lucas ; [tł. Wojciech Moch, Mateusz Michalski].
246 _iTyt. oryg.:
_aAbsolute OpenBSD
260 _aGliwice :
_b"Helion",
_ccop. 2004.
300 _a552 s. ;
_c24 cm.
490 1 _aOpen Source
500 _aTyt. oryg.: "Absolute OpenBSD " 2003.
504 _aIndeks.
650 9 _aOpenBSD
650 9 _aZapora ogniowa (informat.)
655 _aPodręczniki
700 1 _aMOCH, Wojciech.
_eTł.
700 1 _aMICHALSKI, Mateusz.
_eTł.
830 _aOpen Source
020 _a8373616039
040 _cBPK
041 1 _apol
_heng
080 _a004.451:004.7:004.056](07)
920 _a83-7361-603-9
942 _cKS
008 s pl f |000 0 pol
999 _c45805
_d45805
856 _uhttp://koha.tu.koszalin.pl/cgi-bin/koha/opac-detail.pl?biblionumber=45805
_yKatalog online BPK